00517nam a2200133Ia 4500008004100000041000800041082002700049100002100076245002900097260003700126300001000163999001900173952019100192230411s9999 xx 000 0 und d aeng aCH/610.7343/BAS/B04259 aBasavanthappa BT aCommunity Health Nursing bJaypee BrothersaNew Delhic2007 a1088p c154959d154959 001040708CHaBTINbBTINd2007-11-21eB.J.Medical Co-oprative College Storesg495.00i1588l0oCH 610.7343 BAS B04259pBTIN-BK-4259r2025-11-24 13:13:43v371.00w2007-11-21yBKzB04259